Agricultural valuations : a practical guide

Bibliographic Details
Main Author: William, R. G.
Format: Book
Published: London : Estates Gazette , 1991
Edition:2nd. ed.
Subjects:

MARC

LEADER 00000cam a2200000 7i4500
001 0000003078
005 20080627.0
020 |a 0728201615 
040 |a INS 
090 0 0 |a HD1393.   |b W55 1991 
100 1 |a William, R. G. 
245 1 0 |a Agricultural valuations :   |b a practical guide   |c R. G. William 
250 |a 2nd. ed. 
260 |a London :   |b Estates Gazette ,   |c 1991 
300 |a 297p. ;   |c 21.5 cm. 
650 0 0 |a Agriculture   |x Valuation 
999 |a 0000005404   |b BOOK   |c Open Shelf   |e Default branch